Fuggevolezza e altre poesie (Registro nro. 76648)
[ vista simple ]
| 000 -CABECERA | |
|---|---|
| fixed length control field | 00531nam a22002177a 4500 |
| 003 - IDENTIFICADOR DEL NUMERO DE CONTROL | |
| control field | bpm |
| 005 - FECHA Y HORA DE LA ULTIMA TRANSACCION | |
| control field | 20260416104351.0 |
| 008 - ELEMENTOS DE LONGITUD FIJA -- INFORMACION GENERAL | |
| fixed length control field | 260416b |||||||| |||| 00| p spa d |
| 020 ## - NUMERO INTERNACIONAL NORMALIZADO PARA LIBROS | |
| Número Internacional Normalizado para Libros | 9506733488 |
| 024 ## - OTRO IDENTIFICADOR NORMALIZADO | |
| Número o código normalizado | S. C. C. / M. C. y E. M.: |
| 040 ## - FUENTE DE CATALOGACION | |
| Código de la agencia catalogadora original | AR-CtUCP |
| 041 ## - LANGUAGE CODE | |
| Código de Idioma para texto o pista de sonido o título separado | spa |
| 080 ## - CLASIFICACIÓN DECIMAL UNIVERSAL | |
| Clasificación Decimal Universal | CDU |
| 100 ## - ASIENTO PRINCIPAL--NOMBRE PERSONAL | |
| Nombre del autor personal | Bressano de Alonso Olga |
| 245 ## - MENCION DE TITULO | |
| Titulo | Fuggevolezza e altre poesie |
| 250 ## - MENCION DE EDICION | |
| Edición | 2° da. Edición trilingüe |
| 260 ## - PUBLICACION, DISTRIBUCION, ETC. (PIE DE IMPRENTA) | |
| Lugar | Rosario |
| Editor | UNR |
| Fecha | 2003 |
| 650 ## - SASIENTO SECUNDARIO DE MATERIA - TERMINO TEMATICO | |
| Término controlado | Literatura - Poesía |
| 942 ## - TIPO DE MATERIAL | |
| Tipo de Item | LIBRO |
| Estado Perdido | Estado de Daño | Ubicacion Permanente | Ubicacion Actual | Sala | Fecha de Adquisicion | Signatura Topografica Completa | Numero de Inventario | Date last seen | Tipo de Ejemplar |
|---|---|---|---|---|---|---|---|---|---|
| Biblioteca Regional de Poesía | Biblioteca Regional de Poesía | Biblioteca | 16/04/2026 | 82 BRE | P 102 | 16/04/2026 | LIBRO |
